[Event "Championnat de France des Jeunes - Mini"]
[Site "LA ROCHE SUR YON"]
[Date "2008.04.22"]
[Round "4.7"]
[White "Ludwig, Remi"]
[Black "Iellatchitch, Alexandre"]
[Result "1-0"]
[WhiteElo "2136"]
[BlackElo "1991"]
[Annotator "Salaun,Michel"]
[PlyCount "73"]
[EventDate "2008.04.24"]
[EventType "swiss"]
[EventRounds "6"]
[EventCountry "FRA"]

1. d4 Nf6 2. c4 c5 3. d5 b5 4. cxb5 a6 5. bxa6 Bxa6 6. Nc3 d6 7. Nf3 g6 8. g3
Bg7 9. Bg2 O-O 10. O-O Nbd7 11. Rb1 Qa5 12. Bd2 Ne8 13. Qc2 Nc7 14. a4 Rfb8 15.
Rfd1 Qb6 16. b3 Bb7 17. e4 e6 18. Be1 exd5 19. Nxd5 Bxd5 20. exd5 Nf6 21. Nd2
Na6 22. Nc4 Qd8 23. Ba5 Qf8 24. Qd2 Rb7 25. Qf4 Ne8 26. Re1 Nb4 27. Re2 Bc3 28.
Qf3 Bd4 29. Rbe1 Ng7 30. Bb6 Nf5 31. g4 Nh4 32. Qg3 Nxg2 33. Kxg2 Nxd5 34. Nxd6
Re7 35. Rxe7 Nxe7 36. Qf3 h6 37. Rxe7 1-0

[Event "Championnat de France des Jeunes - Mini"]
[Site "LA ROCHE SUR YON"]
[Date "2008.04.22"]
[Round "4.10"]
[White "Iwanesko, Alexandre"]
[Black "Lebreton, Flavien"]
[Result "0-1"]
[WhiteElo "2060"]
[BlackElo "1915"]
[Annotator "Salaun,Michel"]
[PlyCount "76"]
[EventDate "2008.04.24"]
[EventType "swiss"]
[EventRounds "6"]
[EventCountry "FRA"]

1. e4 c5 2. Nf3 d6 3. d4 cxd4 4. Nxd4 Nf6 5. Nc3 a6 6. Qf3 Nbd7 7. Be2 Qc7 8.
O-O b5 9. Nd5 Nxd5 10. exd5 Bb7 11. a4 b4 12. Nc6 Bxc6 13. dxc6 Ne5 14. Qb3
Nxc6 15. c3 g6 16. cxb4 Nd4 17. Qd3 Bg7 18. Bd1 O-O 19. Bd2 Qb6 20. Bc3 Nc6 21.
Bf3 Rab8 22. b5 axb5 23. a5 Qa6 24. Bxc6 Qxc6 25. Bxg7 Kxg7 26. Rfc1 Qd7 27. b4
f6 {(=)} 28. Rc3 Rfc8 29. Rac1 Rxc3 30. Qxc3 d5 31. h3 d4 32. Qc5 d3 33. Rd1 d2
34. Qc3 Rd8 35. Kf1 Qd5 36. Ke2 Qe4+ 37. Qe3 Qc4+ 38. Kf3 Rd3 0-1

[Event "Championnat de France des Jeunes - Mini"]
[Site "LA ROCHE SUR YON"]
[Date "2008.05.23"]
[Round "5.6"]
[White "Rambourg, Juliette"]
[Black "Saucey, Capucine"]
[Result "1/2-1/2"]
[WhiteElo "1811"]
[BlackElo "1780"]
[Annotator "Salaun,Michel"]
[PlyCount "68"]
[EventDate "2008.04.24"]
[EventType "swiss"]
[EventRounds "6"]
[EventCountry "FRA"]

1. d4 c5 2. d5 e5 3. dxe6 fxe6 4. e4 d6 5. Nc3 Nf6 6. e5 dxe5 7. Qxd8+ Kxd8 8.
Bg5 a6 9. O-O-O+ Kc7 10. Nf3 Nc6 11. Bd3 h6 12. Bh4 Nd5 13. Ne4 b5 14. c4 Nf4
15. g4 g5 16. Bg3 Be7 17. Rhe1 Rd8 18. Bf1 Rxd1+ 19. Rxd1 Bb7 20. Nc3 b4 21.
Na4 e4 22. Nd2 Nd4 23. Re1 Bd6 24. Nxe4 Bxe4 25. Rxe4 Rf8 26. b3 e5 27. Nb2 Kd7
28. Nd1 Ke6 29. Kb2 a5 30. Ne3 Rf7 31. Nc2 Kd7 32. Ne3 Ke6 33. Nc2 Kd7 34. Ne3
Ke6 1/2-1/2

[Event "Championnat de France des Jeunes - Mini"]
[Site "LA ROCHE SUR YON"]
[Date "2008.04.22"]
[Round "4.9"]
[White "Muratet, Lucas"]
[Black "Le Ruyet, Leopold"]
[Result "0-1"]
[WhiteElo "1928"]
[BlackElo "2063"]
[Annotator "Salaun,Michel"]
[PlyCount "64"]
[EventDate "2008.04.24"]
[EventType "swiss"]
[EventRounds "6"]
[EventCountry "FRA"]

1. e4 c5 2. Nf3 d6 3. d4 cxd4 4. Nxd4 Nf6 5. Nc3 a6 6. Bg5 e6 7. f4 Nbd7 8. Qf3
Qc7 9. O-O-O b5 10. Bd3 Bb7 11. Rhe1 Qb6 12. Nb3 Rc8 13. a3 Rxc3 14. bxc3 d5
15. e5 Bxa3+ 16. Kb1 d4 17. Qf2 Nd5 18. Qxd4 Qxd4 19. cxd4 Nc3+ 20. Ka1 Nxd1
21. Rxd1 Bxg2 22. c4 bxc4 23. Bxc4 O-O 24. Ka2 Bb4 25. f5 Nb6 26. Bd3 Bd5 27.
Bd2 a5 28. Bxb4 axb4 29. Bb5 Ra8+ 30. Kb2 Ra3 31. Nc5 Ra2+ 32. Kb1 Rxh2 0-1

[Event "Championnat de France des Jeunes - Mini"]
[Site "LA ROCHE SUR YON"]
[Date "2008.04.22"]
[Round "4.8"]
[White "Hoareau, William"]
[Black "Chretien, Antonin"]
[Result "1-0"]
[WhiteElo "2065"]
[BlackElo "1931"]
[Annotator "Salaun,Michel"]
[PlyCount "41"]
[EventDate "2008.04.24"]
[EventType "swiss"]
[EventRounds "6"]
[EventCountry "FRA"]

1. d4 d5 2. Nf3 Nc6 3. g3 Bf5 4. Bg2 e6 5. O-O Bd6 6. c4 Nf6 7. Nc3 h6 8. Nh4
Be4 9. Nxe4 dxe4 10. d5 exd5 11. cxd5 Ne7 12. Bxe4 Qd7 13. Bg2 g5 14. Qd4 gxh4
15. Qxf6 Ng6 16. Be4 Be5 17. Qf3 Qd6 18. Qe3 Rg8 19. Bxg6 Rxg6 20. f4 hxg3 21.
Qxe5+ 1-0

[Event "Championnat de France des Jeunes - Mini"]
[Site "LA ROCHE SUR YON"]
[Date "2008.04.23"]
[Round "5.7"]
[White "Macarry, Elodie"]
[Black "Lemaitre, Delphine"]
[Result "0-1"]
[WhiteElo "1805"]
[BlackElo "1724"]
[Annotator "Salaun,Michel"]
[PlyCount "72"]
[EventDate "2008.04.24"]
[EventType "swiss"]
[EventRounds "6"]
[EventCountry "FRA"]

1. e4 c5 2. Nf3 d6 3. d4 cxd4 4. Nxd4 Nf6 5. Nc3 a6 6. Be3 e5 7. Nb3 Be6 8. f3
Be7 9. Qd2 O-O 10. g4 b5 11. O-O-O Nbd7 12. h4 Rc8 13. Qf2 Qc7 14. Nd5 Bxd5 15.
exd5 Rb8 16. h5 Nb6 17. g5 Nfxd5 18. g6 fxg6 19. hxg6 hxg6 20. Bd3 Nxe3 21.
Bxg6 Bg5 22. Qg3 Qe7 23. Rh5 Nxd1+ 24. Rxg5 Rxf3 25. Qh4 Rh3 26. Qg4 Nf2 27.
Qg2 Rh1+ 28. Kd2 e4 29. Rf5 e3+ 30. Ke2 Rf8 31. Nd4 Rxf5 32. Nxf5 Qe6 33. Qg5
Qf6 34. Qxe3 Qe5 35. Kxf2 Qxe3+ 36. Kxe3 Rg1 0-1

[Event "Championnat de France des Jeunes - Mini"]
[Site "LA ROCHE SUR YON"]
[Date "2008.04.23"]
[Round "5.9"]
[White "Auvray, Juliette"]
[Black "Copin, Oceane"]
[Result "1-0"]
[WhiteElo "1890"]
[BlackElo "1720"]
[Annotator "Salaun,Michel"]
[PlyCount "53"]
[EventDate "2008.04.24"]
[EventType "swiss"]
[EventRounds "6"]
[EventCountry "FRA"]

1. e4 Nf6 2. e5 Nd5 3. d4 d6 4. c4 Nb6 5. exd6 cxd6 6. Nc3 g6 7. Nf3 Bg7 8. Be3
O-O 9. Be2 Nc6 10. O-O Bg4 11. b3 a5 12. Rc1 e6 13. d5 exd5 14. Bxb6 Qxb6 15.
Nxd5 Qd8 16. Re1 Bf5 17. Qd2 Re8 18. Rcd1 Be4 19. Ne3 Be5 20. Nxe5 dxe5 21. Qc3
Nd4 22. f4 exf4 23. Rxd4 Qg5 24. Ng4 f5 25. Rd7 Re7 26. Rxe7 Qxe7 27. Nh6+ 1-0

[Event "Championnat de France des Jeunes - Mini"]
[Site "LA ROCHE SUR YON"]
[Date "2008.04.23"]
[Round "5.10"]
[White "Auffret, Gaelle"]
[Black "De Seroux, Camille"]
[Result "0-1"]
[WhiteElo "1770"]
[BlackElo "1867"]
[Annotator "Salaun,Michel"]
[PlyCount "44"]
[EventDate "2008.04.24"]
[EventType "swiss"]
[EventRounds "6"]
[EventCountry "FRA"]

1. d4 Nf6 2. c4 g6 3. Nc3 Bg7 4. Nf3 O-O 5. Bf4 d6 6. e3 Nbd7 7. Qd2 c5 8. Be2
Rb8 9. h4 h5 10. O-O-O Ng4 11. Bg3 cxd4 12. exd4 Bh6 13. Bf4 Bxf4 14. Qxf4 Nxf2
15. Nd5 Kg7 16. Ng5 Nxh1 17. Bxh5 Nf6 18. Rf1 Nxh5 19. Qxf7+ Rxf7 20. Rxf7+ Kg8
21. Nxe7+ Qxe7 22. Rxe7 Bf5 0-1

[Event "Championnat de France des Jeunes - Mini"]
[Site "LA ROCHE SUR YON"]
[Date "2008.04.23"]
[Round "5.8"]
[White "Josse, Mathilde"]
[Black "Berthelot, Maeva"]
[Result "0-1"]
[WhiteElo "1726"]
[BlackElo "1787"]
[Annotator "Salaun,Michel"]
[PlyCount "36"]
[EventDate "2008.04.24"]
[EventType "swiss"]
[EventRounds "6"]
[EventCountry "FRA"]

1. e4 c5 2. Nc3 d6 3. f4 Nc6 4. Nf3 Nf6 5. Bb5 a6 6. Bxc6+ bxc6 7. d3 e6 8. O-O
Be7 9. Qe1 O-O 10. Ne2 c4 11. Qc3 cxd3 12. cxd3 Qb6+ 13. Kh1 Ng4 14. d4 a5 15.
h3 Nf6 16. Ng3 d5 17. Ne5 Ba6 18. Re1 Bb4 0-1

[Event "Championnat de France des Jeunes - Mini"]
[Site "LA ROCHE SUR YON"]
[Date "2008.04.23"]
[Round "5.8"]
[White "Di Nicolantonio, Lucas"]
[Black "Hoareau, William"]
[Result "0-1"]
[WhiteElo "1959"]
[BlackElo "2065"]
[Annotator "Salaun,Michel"]
[PlyCount "116"]
[EventDate "2008.04.24"]
[EventType "swiss"]
[EventRounds "6"]
[EventCountry "FRA"]

1. e4 c5 2. Nf3 Nc6 3. d4 cxd4 4. Nxd4 g6 5. c4 Nf6 6. Nc3 d6 7. Be2 Nxd4 8.
Qxd4 Bg7 9. Be3 O-O 10. Qd2 Be6 11. O-O Qa5 12. f3 Rfc8 13. b3 a6 14. Rab1 Nd7
15. Rfc1 Qb4 16. Qb2 b5 17. a3 Qa5 18. b4 Qc7 19. c5 dxc5 20. bxc5 Nxc5 21. Qb4
Nd3 22. Nd5 Qxc1+ 23. Bxc1 Rxc1+ 24. Rxc1 Nxb4 25. axb4 Ra7 26. Rc2 f5 27. Bd3
Kf7 28. Kf1 Bd4 29. Rc6 Bxd5 30. exd5 Be5 31. Rc2 Bxh2 32. Ra2 Bb8 33. Ke2 Kf6
34. Rd2 Bd6 35. Ra2 Bb8 36. Rd2 Ke5 37. Ke3 Bd6 38. f4+ Kf6 39. Ra2 Bxb4 40.
Kd4 Bd6 41. Bxb5 Rb7 42. Bxa6 Rb4+ 43. Bc4 Bxf4 44. Ra6+ Bd6 45. Kc3 Ke5 46.
Ra8 h5 47. Kd3 Kf4 48. Ra2 h4 49. Ba6 h3 50. gxh3 Rb3+ 51. Ke2 Rxh3 52. Ra4+
Ke5 53. Bb7 g5 54. Bc8 g4 55. Be6 Rh2+ 56. Kf1 g3 57. Kg1 Bc5+ 58. Kf1 g2+ 0-1

[Event "Championnat de France des Jeunes - Mini"]
[Site "LA ROCHE SUR YON"]
[Date "2008.04.23"]
[Round "5.6"]
[White "Paci, Romain"]
[Black "Graca, Robert"]
[Result "0-1"]
[WhiteElo "1993"]
[BlackElo "2103"]
[Annotator "Salaun,Michel"]
[PlyCount "102"]
[EventDate "2008.04.24"]
[EventType "swiss"]
[EventRounds "6"]
[EventCountry "FRA"]

1. e4 c5 2. Nf3 d6 3. Bb5+ Bd7 4. Bxd7+ Qxd7 5. O-O Nf6 6. Re1 Nc6 7. c3 e6 8.
d4 cxd4 9. cxd4 d5 10. e5 Ne4 11. Nbd2 Nxd2 12. Bxd2 Be7 13. Rc1 O-O 14. Rc3 f5
15. exf6 Rxf6 16. Rce3 Bd6 17. Qe2 Re8 18. Bc3 Bf4 19. Rd3 Ref8 20. Bd2 Bc7 21.
Bg5 Rg6 22. h4 h6 23. h5 Rxg5 24. Nxg5 hxg5 25. Qg4 Rf6 26. Qxg5 Bb6 27. Qg4
Qf7 28. g3 e5 29. h6 Rxh6 30. Rf3 Rf6 31. Rxf6 Qxf6 32. Qc8+ Qf8 33. Qxf8+ Kxf8
34. dxe5 Bd4 35. Rd1 Nxe5 36. Kg2 Nc6 37. f4 Ke7 38. b3 Kd6 39. Kf3 Bc3 40. g4
b5 41. g5 g6 42. Rh1 Ne7 43. Rh6 Bg7 44. Rh1 b4 45. Rc1 Bc3 46. Rh1 Ke6 47. Rh7
a5 48. Kg4 d4 49. Rh6 d3 50. f5+ Nxf5 51. Rxg6+ Kd7 0-1

[Event "Championnat de France des Jeunes - Mini"]
[Site "LA ROCHE SUR YON"]
[Date "2008.04.23"]
[Round "5.10"]
[White "Lebreton, Flavien"]
[Black "Manoeuvre, Antoine"]
[Result "1-0"]
[WhiteElo "1915"]
[BlackElo "2052"]
[Annotator "Salaun,Michel"]
[PlyCount "81"]
[EventDate "2008.04.24"]
[EventType "swiss"]
[EventRounds "6"]
[EventCountry "FRA"]

1. d4 Nf6 2. Nf3 g6 3. c4 Bg7 4. Nc3 d6 5. e4 O-O 6. Be2 e5 7. O-O exd4 8. Nxd4
Re8 9. f3 c6 10. Nc2 Na6 11. Be3 Be6 12. Qe1 Qc7 13. Qf2 Nd7 14. Nd4 Ndc5 15.
Rfd1 Bd7 16. Rd2 Rad8 17. Rad1 b6 18. Bg5 f6 19. Be3 Bc8 20. a3 Nb8 21. b4 Ne6
22. Qg3 f5 23. exf5 Nxd4 24. Bxd4 Bxf5 25. c5 bxc5 26. bxc5 Bxd4+ 27. Rxd4 Qa5
28. Bc4+ Kg7 29. Ne4 Bxe4 30. fxe4 Qxc5 31. Kh1 Re5 32. Qd3 Rd7 33. Qf3 d5 34.
Rf1 Qe7 35. exd5 cxd5 36. Rxd5 Rdxd5 37. Bxd5 h5 38. h3 Re3 39. Qf7+ Kh6 40.
Qf4+ Qg5 41. Qf8+ 1-0

[Event "Championnat de France des Jeunes - Mini"]
[Site "LA ROCHE SUR YON"]
[Date "2008.04.23"]
[Round "5.7"]
[White "Billon, Olivier"]
[Black "Velten, Paul"]
[Result "0-1"]
[WhiteElo "1988"]
[BlackElo "2085"]
[Annotator "Salaun,Michel"]
[PlyCount "78"]
[EventDate "2008.04.24"]
[EventType "swiss"]
[EventRounds "6"]
[EventCountry "FRA"]

1. e4 e6 2. d4 d5 3. Nc3 Nc6 4. Nf3 Nf6 5. e5 Ne4 6. Bd3 Bb4 7. Bd2 Nxd2 8.
Qxd2 Bd7 9. O-O a6 10. Qf4 Be7 11. a3 g5 12. Qe3 g4 13. Nd2 Bg5 14. f4 gxf3 15.
Qxf3 Qe7 16. Nb3 O-O-O 17. Qe2 Kb8 18. Kh1 Bc8 19. Na4 f6 20. c3 Rhf8 21. exf6
Bxf6 22. Nac5 Ka7 23. Rae1 e5 24. Qh5 e4 25. Nxe4 dxe4 26. Rxe4 Qd6 27. Nd2 Bh8
28. Rxf8 Rxf8 29. Nc4 Qf6 30. Re1 Qf2 31. Rg1 Bf5 32. Be2 Be4 33. Ne5 Nxe5 34.
dxe5 Qf4 35. e6 Rf5 36. Qxh7 Be5 37. e7 Rf7 38. Qh3 Rh7 39. Bh5 Bg6 0-1

[Event "Championnat de France des Jeunes - Mini"]
[Site "LA ROCHE SUR YON"]
[Date "2008.04.23"]
[Round "5.9"]
[White "Le Ruyet, Leopold"]
[Black "Chahbazian, Jean-Baptiste"]
[Result "1-0"]
[WhiteElo "2063"]
[BlackElo "1876"]
[Annotator "Salaun,Michel"]
[PlyCount "69"]
[EventDate "2008.04.24"]
[EventType "swiss"]
[EventRounds "6"]
[EventCountry "FRA"]

1. e4 e6 2. d4 d5 3. Nc3 Bb4 4. e5 c5 5. a3 Bxc3+ 6. bxc3 Ne7 7. Qg4 Qc7 8.
Qxg7 Rg8 9. Qxh7 cxd4 10. Ne2 Nbc6 11. f4 dxc3 12. Qd3 Bd7 13. Qxc3 Rc8 14. Rb1
Qd8 15. Qd3 Na5 16. Nd4 Nc4 17. Rxb7 Nc6 18. Nxc6 Bxc6 19. Rb3 Ba4 20. Rb4 Nb6
21. Rxa4 Nxa4 22. Qb5+ Kf8 23. Qxa4 Qh4+ 24. Kd1 Rxg2 25. Bxg2 Qg4+ 26. Ke1
Qxg2 27. Rf1 Rxc2 28. Qb4+ Kg7 29. Bd2 Rc4 30. Qb5 Qe4+ 31. Kf2 Qd4+ 32. Ke2
Qe4+ 33. Be3 Rc2+ 34. Kd1 Rxh2 35. Bd2 1-0

[Event "Championnat de France des Jeunes - Mini"]
[Site "LA ROCHE SUR YON"]
[Date "2008.04.24"]
[Round "6.8"]
[White "Uhl, Sarah"]
[Black "Khan, Mai-Ly"]
[Result "1-0"]
[WhiteElo "1850"]
[BlackElo "1700"]
[Annotator "Salaun,Michel"]
[PlyCount "67"]
[EventDate "2008.04.24"]
[EventType "swiss"]
[EventRounds "6"]
[EventCountry "FRA"]

1. e4 c5 2. Nc3 Nc6 3. f4 d6 4. Nf3 g6 5. Bc4 e6 6. d3 Bg7 7. O-O Nge7 8. Qe1
Nd4 9. Nxd4 Bxd4+ 10. Kh1 Bg7 11. f5 Nc6 12. fxe6 Bxe6 13. Bxe6 fxe6 14. Qg3
Qd7 15. Bg5 Be5 16. Qh4 h6 17. Bf6 g5 18. Qh5+ Qf7 19. Qxf7+ Kxf7 20. Bxh8+ Kg6
21. Bxe5 Nxe5 22. h3 h5 23. Rf2 a6 24. Raf1 Re8 25. Rf8 Re7 26. Rg8+ Kh6 27.
Rff8 Ng6 28. Rf6 Rg7 29. Rxg7 Kxg7 30. Rxe6 Ne5 31. Rxd6 Nc6 32. Nd5 Kf7 33.
Kg1 Nd4 34. c3 1-0

[Event "Championnat de France des Jeunes - Mini"]
[Site "LA ROCHE SUR YON"]
[Date "2008.04.24"]
[Round "6.6"]
[White "Saucey, Capucine"]
[Black "Auvray, Juliette"]
[Result "0-1"]
[WhiteElo "1780"]
[BlackElo "1890"]
[Annotator "Salaun,Michel"]
[PlyCount "64"]
[EventDate "2008.04.24"]
[EventType "swiss"]
[EventRounds "6"]
[EventCountry "FRA"]

1. e4 d5 2. exd5 Qxd5 3. Nc3 Qa5 4. d4 Nf6 5. Bc4 Bg4 6. f3 Bf5 7. Bd2 c6 8.
Nge2 Nbd7 9. Ng3 Bg6 10. Nd5 Qd8 11. Ne3 e6 12. O-O Qc7 13. f4 Bd6 14. Qf3
O-O-O 15. b4 h5 16. h4 Ng4 17. Ne4 Bxe4 18. Qxe4 Be7 19. Nxg4 hxg4 20. g3 Nf6
21. Qe3 Nd5 22. Qb3 f6 23. Rae1 Qd6 24. c3 g5 25. hxg5 fxg5 26. Kg2 Rh3 27.
Bxd5 exd5 28. Qc2 Rdh8 29. Rh1 Qh6 30. Rxh3 Qxh3+ 31. Kf2 Qh2+ 32. Kf1 Qh1+ 0-1

[Event "Championnat de France des Jeunes - Mini"]
[Site "LA ROCHE SUR YON"]
[Date "2008.04.24"]
[Round "6.7"]
[White "De Seroux, Camille"]
[Black "Rambourg, Juliette"]
[Result "0-1"]
[WhiteElo "1867"]
[BlackElo "1811"]
[Annotator "Salaun,Michel"]
[PlyCount "62"]
[EventDate "2008.04.24"]
[EventType "swiss"]
[EventRounds "6"]
[EventCountry "FRA"]

1. e4 c5 2. Nf3 g6 3. d4 cxd4 4. Nxd4 Nc6 5. Nc3 Bg7 6. Be3 Nf6 7. Bc4 O-O 8.
Bb3 Qa5 9. f3 d6 10. Qd2 Nxd4 11. Bxd4 Be6 12. Bxe6 fxe6 13. O-O-O Rfc8 14. Kb1
Rc6 15. Rhe1 Nd7 16. h4 Rac8 17. Nd5 Qd8 18. Ne3 Nc5 19. Rh1 h5 20. c3 Qa5 21.
Qf2 Ra6 22. a3 Qb5 23. Ka1 Rcc6 24. Rd2 Ra4 25. g4 Rca6 26. gxh5 Nd3 27. Qe2 e5
28. Rh2 exd4 29. c4 Rxa3+ 30. bxa3 Rxa3+ 31. Ra2 dxe3+ 0-1

[Event "Championnat de France des Jeunes - Mini"]
[Site "LA ROCHE SUR YON"]
[Date "2008.04.24"]
[Round "6.9"]
[White "Chesa, Marie"]
[Black "Dourerassou, Cynthia"]
[Result "0-1"]
[WhiteElo "1690"]
[BlackElo "1909"]
[Annotator "Salaun,Michel"]
[PlyCount "54"]
[EventDate "2008.04.24"]
[EventType "swiss"]
[EventRounds "6"]
[EventCountry "FRA"]

1. e4 e5 2. Nf3 Nc6 3. Bc4 Nf6 4. d3 Bc5 5. Nc3 d6 6. O-O Bg4 7. Be3 Nd4 8.
Bxd4 Bxd4 9. h3 Bh5 10. Rb1 Qd7 11. Nd5 c6 12. Nxf6+ gxf6 13. Nxe5 Bxd1 14.
Nxd7 Bxc2 15. Rbc1 b5 16. Bxb5 cxb5 17. Nxf6+ Bxf6 18. Rxc2 O-O 19. b3 Rac8 20.
Rfc1 Rxc2 21. Rxc2 Bd4 22. Kh2 f5 23. f3 f4 24. a4 bxa4 25. bxa4 Rb8 26. Rc4
Bf2 27. Rc2 Bg3+ 0-1

[Event "Championnat de France des Jeunes - Mini"]
[Site "LA ROCHE SUR YON"]
[Date "2008.04.24"]
[Round "6.10"]
[White "Cappelletti, Emmanuelle"]
[Black "Macarry, Elodie"]
[Result "0-1"]
[WhiteElo "1680"]
[BlackElo "1805"]
[Annotator "Salaun,Michel"]
[PlyCount "64"]
[EventDate "2008.04.24"]
[EventType "swiss"]
[EventRounds "6"]
[EventCountry "FRA"]

1. e4 c6 2. d4 d5 3. exd5 cxd5 4. c4 Nf6 5. Nc3 e6 6. Nf3 Nc6 7. Bg5 Bb4 8.
cxd5 Qxd5 9. Bxf6 gxf6 10. a3 Bxc3+ 11. bxc3 Qa5 12. Qb3 Bd7 13. Bd3 Rb8 14.
O-O O-O 15. Qc2 Qh5 16. Rfe1 Kh8 17. Re4 f5 18. Rh4 Qg6 19. c4 Rg8 20. g3 Qf6
21. Re1 Rg7 22. Qe2 Re8 23. Qd2 e5 24. d5 Nd4 25. Nxd4 Qxh4 26. Nxf5 Bxf5 27.
Bxf5 Qxc4 28. d6 f6 29. f4 Qc5+ 30. Kf1 Rd8 31. d7 e4 32. Rxe4 Qxf5 0-1

[Event "Championnat de France des Jeunes - Mini"]
[Site "LA ROCHE SUR YON"]
[Date "2008.04.24"]
[Round "6.9"]
[White "Ludwig, Remi"]
[Black "Laurent, Maxime"]
[Result "1-0"]
[WhiteElo "2136"]
[BlackElo "2051"]
[Annotator "Salaun,Michel"]
[PlyCount "97"]
[EventDate "2008.04.24"]
[EventType "swiss"]
[EventRounds "6"]
[EventCountry "FRA"]

1. d4 d5 2. c4 Nc6 3. cxd5 Qxd5 4. e3 e5 5. Nc3 Bb4 6. Bd2 Bxc3 7. bxc3 Nf6 8.
f3 O-O 9. Bd3 Re8 10. Ne2 e4 11. Nf4 Qg5 12. fxe4 Nxe4 13. O-O Bf5 14. Rb1 Nd6
15. Bxf5 Qxf5 16. d5 Ne5 17. Ne6 fxe6 18. Rxf5 exf5 19. Bc1 Nec4 20. Qd4 b6 21.
Bd2 Re4 22. Qd3 Rae8 23. Rf1 Nxd2 24. Qxd2 Rxe3 25. Qc2 R8e4 26. Rd1 Nc4 27.
Rd4 Re1+ 28. Kf2 Rf1+ 29. Kg3 Re3+ 30. Kh4 Ne5 31. Qa4 Ng6+ 32. Kh5 Rh1 33. h3
Rh2 34. Qc4 Rxg2 35. d6+ Kf8 36. dxc7 Rxh3+ 37. Rh4 Rxh4+ 38. Qxh4 Nxh4 39.
c8=Q+ Kf7 40. Kxh4 Rg4+ 41. Kh3 Kg6 42. Qb7 Rc4 43. Qf3 b5 44. Kg2 Kg5 45. Qe3+
Kh5 46. Qxa7 Rxc3 47. Qxg7 b4 48. Qxh7+ Kg4 49. Qg6+ 1-0

[Event "Championnat de France des Jeunes - Mini"]
[Site "LA ROCHE SUR YON"]
[Date "2008.04.24"]
[Round "6.6"]
[White "Lebreton, Flavien"]
[Black "Dubessay, Bastien"]
[Result "0-1"]
[WhiteElo "1915"]
[BlackElo "2097"]
[Annotator "Salaun,Michel"]
[PlyCount "72"]
[EventDate "2008.04.24"]
[EventType "swiss"]
[EventRounds "6"]
[EventCountry "FRA"]

1. d4 Nf6 2. Nf3 g6 3. c4 Bg7 4. Nc3 O-O 5. e4 d6 6. Be2 e5 7. O-O Nc6 8. d5
Ne7 9. b4 a5 10. bxa5 c5 11. a4 Rxa5 12. Ra3 Nd7 13. Nb5 Ra6 14. Qc2 Kh8 15.
Rd1 h6 16. Ne1 f5 17. exf5 gxf5 18. Rh3 Nf6 19. Bxh6 f4 20. Bxg7+ Kxg7 21. g4
Ng6 22. f3 e4 23. fxe4 Nxg4 24. Qc3+ N4e5 25. Rh5 Qf6 26. Nf3 Bg4 27. Nxe5 Bxh5
28. Bxh5 Nxe5 29. Kh1 Qh4 30. Rg1+ Kf6 31. Rg6+ Ke7 32. Nxd6 Qxh5 33. Re6+ Kd7
34. Rxe5 Qd1+ 35. Kg2 Rg8+ 36. Kh3 Qg4# 0-1

[Event "Championnat de France des Jeunes - Mini"]
[Site "LA ROCHE SUR YON"]
[Date "2008.04.24"]
[Round "6.8"]
[White "Song, Julien"]
[Black "Villegas, Pierre"]
[Result "1-0"]
[WhiteElo "2214"]
[BlackElo "2060"]
[Annotator "Salaun,Michel"]
[PlyCount "61"]
[EventDate "2008.04.24"]
[EventType "swiss"]
[EventRounds "6"]
[EventCountry "FRA"]

1. d4 Nf6 2. c4 g6 3. Nc3 Bg7 4. Nf3 d6 5. Bg5 O-O 6. e3 Nbd7 7. Be2 c6 8. Qc2
Qc7 9. O-O e5 10. dxe5 dxe5 11. Nd2 a5 12. a3 h6 13. Bh4 Nh7 14. Rad1 f5 15. f3
g5 16. Bf2 h5 17. g4 hxg4 18. fxg4 fxg4 19. Nde4 Ndf6 20. Bg3 Nh5 21. Rxf8+
Bxf8 22. Nf2 Nxg3 23. hxg3 Nf6 24. Nce4 Nxe4 25. Qxe4 Bg7 26. Bd3 Bf6 27. Kg2
Be6 28. Rh1 Rf8 29. Rh7 Bg7 30. Qg6 Bc8 31. Rh8+ 1-0

[Event "Championnat de France des Jeunes - Mini"]
[Site "LA ROCHE SUR YON"]
[Date "2008.04.24"]
[Round "6.7"]
[White "Velten, Paul"]
[Black "Roussel, Julien"]
[Result "0-1"]
[WhiteElo "2085"]
[BlackElo "1599"]
[Annotator "Salaun,Michel"]
[PlyCount "42"]
[EventDate "2008.04.24"]
[EventType "swiss"]
[EventRounds "6"]
[EventCountry "FRA"]

1. d4 d5 2. Nf3 Nf6 3. e3 e6 4. Nbd2 Bd6 5. Bd3 Nbd7 6. O-O O-O 7. c4 c6 8. Qc2
b6 9. e4 dxe4 10. Nxe4 Be7 11. Bf4 c5 12. dxc5 bxc5 13. Rfd1 Qb6 14. Ne5 Nxe5
15. Bxe5 Ng4 16. Bc3 f5 17. Ng3 Bb7 18. Re1 Bh4 19. Re2 Rad8 20. Nh5 Qd6 21. g3
Qc6 0-1

[Event "Championnat de France des Jeunes - Mini"]
[Site "LA ROCHE SUR YON"]
[Date "2008.05.24"]
[Round "6.10"]
[White "Fevre, Mathieu"]
[Black "Lallement, Victor"]
[Result "1/2-1/2"]
[WhiteElo "2040"]
[BlackElo "2093"]
[Annotator "Salaun,Michel"]
[PlyCount "58"]
[EventDate "2008.04.24"]
[EventType "swiss"]
[EventRounds "6"]
[EventCountry "FRA"]

1. e4 c5 2. Nf3 d6 3. d4 cxd4 4. Nxd4 Nf6 5. Nc3 a6 6. h3 e6 7. g4 Nc6 8. Bg2
Qc7 9. O-O Be7 10. Be3 O-O 11. Qe2 Ne5 12. g5 Nfd7 13. Rad1 Nc4 14. Bc1 b5 15.
e5 Bb7 16. exd6 Nxd6 17. Nxe6 fxe6 18. Qxe6+ Rf7 19. Bxb7 Qxb7 20. Rxd6 Bxd6
21. Qxd6 Qf3 22. Qe6 Nf8 23. Qd5 Ng6 24. Ne4 Nh4 25. Qxa8+ Rf8 26. Qd5+ Kh8 27.
Nc3 Qxh3 28. f4 Qg3+ 29. Kh1 Qh3+ 1/2-1/2

[Event "Championnat de France des Jeunes - Cade"]
[Site "LA ROCHE SUR YON"]
[Date "2008.04.20"]
[Round "1.9"]
[White "Favarel, Antoine"]
[Black "Cepisul, Kigan"]
[Result "1-0"]
[WhiteElo "2065"]
[BlackElo "1760"]
[Annotator "Salaun,Michel"]
[PlyCount "83"]
[EventDate "2008.04.24"]
[EventType "swiss"]
[EventRounds "6"]
[EventCountry "FRA"]

1. e4 d5 2. exd5 Nf6 3. Nc3 Nxd5 4. Nf3 e6 5. d4 Bb4 6. Bd2 O-O 7. Bd3 Nd7 8.
O-O N5f6 9. Bg5 h6 10. Bh4 Be7 11. Re1 b6 12. a4 Bb7 13. a5 Rc8 14. a6 Ba8 15.
Bg3 Bb4 16. Nd2 Bxc3 17. bxc3 Re8 18. Nc4 Nd5 19. Qd2 N7f6 20. Ne5 Nh5 21. c4
Nxg3 22. cxd5 Qxd5 23. fxg3 Rcd8 24. c3 c5 25. Be4 Qd6 26. Bxa8 Rxa8 27. Rad1
Rad8 28. Qf4 f5 29. h4 cxd4 30. cxd4 b5 31. g4 Qxa6 32. g5 h5 33. g6 Kf8 34.
Qg5 Qb6 35. Qxh5 Ke7 36. Qg5+ Kf8 37. Nf3 b4 38. h5 Re7 39. h6 gxh6 40. Qxh6+
Rg7 41. Qh8+ Rg8 42. Qf6+ 1-0

[Event "Championnat de France des Jeunes - Cade"]
[Site "LA ROCHE SUR YON"]
[Date "2008.04.20"]
[Round "1.8"]
[White "Wattiez, Nicolas"]
[Black "Stephan, Victor"]
[Result "0-1"]
[WhiteElo "1790"]
[BlackElo "2094"]
[Annotator "Salaun,Michel"]
[PlyCount "70"]
[EventDate "2008.04.24"]
[EventType "swiss"]
[EventRounds "6"]
[EventCountry "FRA"]

1. e4 c5 2. c3 Nf6 3. e5 Nd5 4. d4 cxd4 5. Nf3 Nc6 6. cxd4 d6 7. Bc4 Nb6 8.
Bxf7+ Kxf7 9. Ng5+ Ke8 10. Qf3 Nxd4 11. Qf7+ Kd7 12. O-O Qe8 13. e6+ Kd8 14.
Na3 h6 15. Ne4 Bxe6 16. Qxe8+ Kxe8 17. Be3 Nc6 18. Nb5 Nd5 19. Rac1 a6 20. Nbc3
Nxc3 21. Nxc3 g5 22. a3 Bg7 23. Rfe1 Bxc3 24. Rxc3 Kd7 25. f3 Rac8 26. Bb6 Bf7
27. Rce3 e5 28. Rd1 d5 29. Kf2 d4 30. g3 Bd5 31. Ree1 Rhf8 32. f4 gxf4 33. gxf4
Rxf4+ 34. Kg3 Rg8+ 35. Kh3 Bg2# 0-1